Elements of machine design / (Record no. 1825)
[ view plain ]
| 000 -LEADER | |
|---|---|
| fixed length control field | 00440nam a22001577a 4500 |
| 008 - FIXED-LENGTH DATA ELEMENTS--GENERAL INFORMATION | |
| fixed length control field | 200205b ||||| |||| 00| 0 eng d |
| 082 00 - DEWEY DECIMAL CLASSIFICATION NUMBER | |
| Classification number | 621.815 |
| Item number | P1899 |
| 100 ## - MAIN ENTRY--PERSONAL NAME | |
| 9 (RLIN) | 1443 |
| Personal name | Pandya, N. C. |
| 245 10 - TITLE STATEMENT | |
| Title | Elements of machine design / |
| 250 ## - EDITION STATEMENT | |
| Edition statement | 13th ed. |
| 260 ## - PUBLICATION, DISTRIBUTION, ETC. (IMPRINT) | |
| Place of publication, distribution, etc | New Delhi: |
| Name of publisher, distributor, etc | Charotar Media, |
| Date of publication, distribution, etc | 1997. |
| 300 ## - PHYSICAL DESCRIPTION | |
| Extent | xvi, 1064 p. |
| 650 #0 - SUBJECT ADDED ENTRY--TOPICAL TERM | |
| Topical term or geographic name as entry element | Machine Design |
| 700 ## - ADDED ENTRY--PERSONAL NAME | |
| 9 (RLIN) | 2182 |
| Personal name | Shah, C.S. |
| 942 ## - ADDED ENTRY ELEMENTS (KOHA) | |
| Item type | Books |
| Withdrawn status | Lost status | Source of classification or shelving scheme | Damaged status | Not for loan | Permanent location | Current location | Date acquired | Source of acquisition | Full call number | Barcode | Date last seen | Cost, replacement price | Koha item type |
|---|---|---|---|---|---|---|---|---|---|---|---|---|---|
| IMU Kolkata | IMU Kolkata | 2000-05-04 | Sterling Book House | 621.815 P1899 | 09053 | 2020-02-05 | 162.00 | Books | |||||
| IMU Kolkata | IMU Kolkata | 2000-08-09 | Jyoti, the Book People | 621.815 P1899 | 09191 | 2020-02-07 | 180.00 | Books | |||||
| IMU Kolkata | IMU Kolkata | 2000-08-09 | Jyoti, the Book People | 621.815 P1899 | 09192 | 2020-02-07 | 180.00 | Books | |||||
| IMU Kolkata | IMU Kolkata | 2000-08-09 | Jyoti, the Book People | 621.815 P1899 | 09193 | 2020-02-07 | 180.00 | Books | |||||
| IMU Kolkata | IMU Kolkata | 2000-08-09 | Jyoti, the Book People | 621.815 P1899 | 09194 | 2020-02-07 | 180.00 | Books | |||||
| IMU Kolkata | IMU Kolkata | 2000-08-09 | Jyoti, the Book People | 621.815 P1899 | 09195 | 2020-02-07 | 180.00 | Books | |||||
| IMU Kolkata | IMU Kolkata | 2000-08-09 | Jyoti, the Book People | 621.815 P1899 | 09251 | 2020-02-07 | 180.00 | Books |